| Поле | Инд. | ПП | Название | Значение |
|---|---|---|---|---|
| Тип записи | a | |||
| Библиографический уровень | m | |||
| 001 | Контрольный номер | 0b4dd7b59ce749cfbf284a0db1738153 | ||
| 005 | Дата корректировки | 20250310093620.6 | ||
| 020 | a | ISBN | 978-5-8333-1305-3 | |
| 040 | a | Служба первич. каталог. | НБ ТвГУ | |
| b | Код языка каталог. | rus | ||
| e | Правила каталог. | PSBO | ||
| 041 | 0_ | a | Код языка текста | rus |
| 080 | a | Индекс УДК | 37.015.3(075.8) | |
| 080 | a | Индекс УДК | 378(075.8) | |
| 084 | a | Индекс другой классификации/Индекс ББК | Ю969я73-1 | |
| 084 | a | Индекс другой классификации/Индекс ББК | Ч448.9я73-1 | |
| 090 | a | Полочн. индекс | Ю969 | |
| x | Авторский знак | Б 53 | ||
| 097 | b | Оператор | Polyakova.IM | |
| 100 | 1_ | a | Автор | Беспалая Светлана Геннадьевна |
| e | Роль лиц | Автор | ||
| 245 | 10 | a | Заглавие | Психология и педагогика высшей школы |
| b | Продолж. заглавия | учебное пособие для аспирантов | ||
| c | Ответственность | С. Г. Беспалая ; Кубанский государственный технологический университет | ||
| 260 | c | Дата издания | 2024 | |
| a | Место издания | Краснодар | ||
| b | Издательство | Кубанский государственный технологический университет | ||
| 300 | a | Объем | 220 с. | |
| b | Иллюстрации/ тип воспроизводства | ил., схем. | ||
| 440 | _0 | a | Серия | Ваше профессиональное становление |
| 653 | 0_ | a | Ключевые слова | Психология высшей школы |
| a | Ключевые слова | Педагогика высшей школы | ||
| a | Ключевые слова | Высшее образование | ||
| a | Ключевые слова | Подготовка преподавателей вузов | ||
| a | Ключевые слова | Развитие личности студента | ||
| a | Ключевые слова | Педагогическая культура преподавателя | ||
| a | Ключевые слова | Педагогическое мастерство | ||
| a | Ключевые слова | Учебники для аспирантов | ||
| 700 | 12 | a | Другие авторы | Терешина Мария Валентиновна |
| e | Роль лиц | Рецензент | ||
| 700 | 12 | a | Другие авторы | Кочеткова Светлана Валентиновна |
| e | Роль лиц | Рецензент | ||
| 700 | 12 | a | Другие авторы | Крутых Елена Валерьевна |
| e | Роль лиц | Рецензент | ||
| 710 | 12 | a | Организация/ юрисдикция | Кубанский государственный технологический университет |
| 901 | t | Тип документа | m | |
| 910 | a | Гриф есть** | ||
| 920 | a | Оператор | Поля | |
| a | Оператор | Лиси | ||
| 930 | a | Новая/Ретро | новая | |
| 952 | c | Вид литературы | К ру | |
| 954 | b | Дата поступления в ОК | 20250113 | |
| a | Дата поступления на обработку | 20250310 |